Easy 2003 / (Record no. 22649)

000 -LEADER
fixed length control field 01389nam a22002897a 4500
008 - FIXED-LENGTH DATA ELEMENTS--GENERAL INFORMATION
fixed length control field 260416b xxu||||| |||| 00| 0 eng d
040 ## - CATALOGING SOURCE
Transcribing agency Cagayan State University
082 ## - DEWEY DECIMAL CLASSIFICATION NUMBER
Classification number 791.4372
Item number Ea13 2003
245 ## - TITLE STATEMENT
Title Easy 2003 /
Statement of responsibility, etc directed and written by Jane Weinstock ; produced by Olivia Harris, Molly M. Mayeux, Gloria Norris, James Welling.
260 ## - PUBLICATION, DISTRIBUTION, ETC. (IMPRINT)
Place of publication, distribution, etc United States, US :
Name of publisher, distributor, etc IFC Films,
Date of publication, distribution, etc 2003.
300 ## - PHYSICAL DESCRIPTION
Extent 1 videofile, (ca. 99 mins.) :
Other physical details sound, color.
520 ## - SUMMARY, ETC.
Summary, etc Jamie Harris is a neurotic, bright 25 year-old with a career naming peculiar consumer products. Though she gives them their identities, she's rather confused about her own. After dating a string of jerks, she's bewildered about whom to trust or how to find true intimacy. When two seemingly honorable men orbit around her, Jamie must confront what she is most afraid of.
521 ## - TARGET AUDIENCE NOTE
Target audience note Rated R for some strong sexual content, language and brief drug use.
546 ## - LANGUAGE NOTE
Language note In English subtitle.
650 ## - SUBJECT ADDED ENTRY--TOPICAL TERM
Topical term or geographic name as entry element Comedy
650 ## - SUBJECT ADDED ENTRY--TOPICAL TERM
Topical term or geographic name as entry element Drama
650 ## - SUBJECT ADDED ENTRY--TOPICAL TERM
Topical term or geographic name as entry element Romance
700 ## - ADDED ENTRY--PERSONAL NAME
Personal name Jane Weinstock, director and writter.
700 ## - ADDED ENTRY--PERSONAL NAME
Personal name Olivia Harris, producer.
700 ## - ADDED ENTRY--PERSONAL NAME
Personal name Molly M. Mayeux, producer.
700 ## - ADDED ENTRY--PERSONAL NAME
Personal name Gloria Norris, producer.
700 ## - ADDED ENTRY--PERSONAL NAME
Personal name James Welling, producer.
700 ## - ADDED ENTRY--PERSONAL NAME
Personal name Marguerite Moreau, strar.
700 ## - ADDED ENTRY--PERSONAL NAME
Personal name Brían F. O'Byrne, star.
700 ## - ADDED ENTRY--PERSONAL NAME
Personal name Naveen Andrews, star.
942 ## - ADDED ENTRY ELEMENTS (KOHA)
Source of classification or shelving scheme
Item type Audio-Visual Materials
Holdings
Source of acquisition Price effective from Permanent location Date last seen Not for loan Date acquired Source of classification or shelving scheme Koha item type Collection code Shelving location Damaged status Lost status Withdrawn status Current location Full call number
Donation2026-04-16Cagayan State University - Carig Library2026-04-16 2026-04-16 Audio-Visual MaterialsElectronic Media CenterAudio Visual   Cagayan State University - Carig Library791.4372 Ea13 2003

Cagayan State University University Library, Carig Campus
Tuguegarao City, Cagayan 3500 | www.csucarig.edu.ph

Powered by Koha